[Event "EYCC 2024 - G18"]
[Site "?"]
[Date "2024.08.23"]
[Round "2.9"]
[White "Alexandri, Dimitra"]
[Black "Stagno, Milena"]
[Result "1-0"]
[BlackElo "1664"]
[WhiteElo "2008"]
[LiveChessVersion "1.4.8"]

1. d4 {[%clk 1:30:57]} d5 {[%clk 1:30:50]} 2. c4 {[%clk 1:31:19]} dxc4
{[%clk 1:31:05]} 3. Nf3 {[%clk 1:31:29]} a6 {[%clk 1:30:45]} 4. e3
{[%clk 1:30:59]} e6 {[%clk 1:30:42]} 5. Bxc4 {[%clk 1:30:41]} c5 {[%clk 1:30:47]}
6. O-O {[%clk 1:26:49]} Nf6 {[%clk 1:31:03]} 7. Qe2 {[%clk 1:20:04]} cxd4
{[%clk 1:26:40]} 8. exd4 {[%clk 1:19:58]} b5 {[%clk 1:26:31]} 9. Bd3
{[%clk 1:19:25]} Bb7 {[%clk 1:25:56]} 10. Rd1 {[%clk 1:16:39]} Be7
{[%clk 1:22:50]} 11. Nc3 {[%clk 1:13:53]} O-O {[%clk 1:17:47]} 12. a4
{[%clk 1:02:10]} b4 {[%clk 1:12:02]} 13. Ne4 {[%clk 1:02:13]} Nbd7
{[%clk 1:11:38]} 14. Bf4 {[%clk 0:57:59]} Nd5 {[%clk 1:06:53]} 15. Bg3
{[%clk 0:51:01]} N7f6 {[%clk 0:54:46]} 16. Nc5 {[%clk 0:38:23]} Bc8
{[%clk 0:37:38]} 17. Ne5 {[%clk 0:31:55]} Bd6 {[%clk 0:31:49]} 18. Nxa6
{[%clk 0:28:07]} Qb6 {[%clk 0:27:37]} 19. Nc4 {[%clk 0:26:52]} Qxa6
{[%clk 0:26:30]} 20. Nxd6 {[%clk 0:24:46]} Qb6 {[%clk 0:25:02]} 21. Nc4
{[%clk 0:23:42]} Qd8 {[%clk 0:23:25]} 22. Ne5 {[%clk 0:21:14]} Bb7
{[%clk 0:21:21]} 23. Bb5 {[%clk 0:20:08]} Qb6 {[%clk 0:18:19]} 24. Nc4
{[%clk 0:20:08]} Qa7 {[%clk 0:17:57]} 25. Nd6 {[%clk 0:18:49]} Ba6
{[%clk 0:17:51]} 26. Rdc1 {[%clk 0:16:16]} Nd7 {[%clk 0:13:34]} 27. Qd2
{[%clk 0:10:48]} N7b6 {[%clk 0:11:55]} 28. Bc6 {[%clk 0:10:13]} Rad8
{[%clk 0:11:35]} 29. a5 {[%clk 0:08:30]} Nc8 {[%clk 0:09:01]} 30. Nxc8
{[%clk 0:07:48]} Bxc8 {[%clk 0:08:34]} 31. Bxd5 {[%clk 0:06:02]} Rxd5
{[%clk 0:08:53]} 32. Qxb4 {[%clk 0:05:50]} Rxd4 {[%clk 0:09:02]} 33. Qc3
{[%clk 0:05:54]} Qd7 {[%clk 0:09:12]} 34. h3 {[%clk 0:05:23]} Rd8
{[%clk 0:08:35]} 35. a6 {[%clk 0:04:27]} Ra4 {[%clk 0:07:59]} 36. Rxa4
{[%clk 0:04:37]} Qxa4 {[%clk 0:08:12]} 37. Qxc8 1-0

[Event "EYCC 2024 - G18"]
[Site "?"]
[Date "2024.08.23"]
[Round "2.10"]
[White "Mosurovic, Milena"]
[Black "Sipos, Stefania"]
[Result "1-0"]
[BlackElo "1993"]
[WhiteElo "1731"]
[LiveChessVersion "1.4.8"]

1. e4 {[%clk 1:30:57]} e5 {[%clk 1:30:55]} 2. Nf3 {[%clk 1:31:23]} Nc6
{[%clk 1:31:20]} 3. d4 {[%clk 1:31:47]} exd4 {[%clk 1:31:45]} 4. Nxd4
{[%clk 1:32:13]} Qf6 {[%clk 1:31:27]} 5. Nb5 {[%clk 1:31:06]} Bc5
{[%clk 1:30:36]} 6. Qe2 {[%clk 1:30:51]} Bb6 {[%clk 1:30:50]} 7. N1c3
{[%clk 1:29:04]} Nge7 {[%clk 1:28:20]} 8. Be3 {[%clk 1:11:39]} Ba5
{[%clk 1:26:54]} 9. O-O-O {[%clk 1:06:01]} a6 {[%clk 1:25:25]} 10. Nd5
{[%clk 1:03:14]} Nxd5 {[%clk 1:24:49]} 11. exd5 {[%clk 1:03:02]} axb5
{[%clk 1:24:25]} 12. Bg5+ {[%clk 0:56:05]} Qe5 {[%clk 1:23:57]} 13. dxc6
{[%clk 0:56:11]} Qxe2 {[%clk 1:20:11]} 14. cxd7+ {[%clk 0:56:18]} Bxd7
{[%clk 1:20:29]} 15. Bxe2 {[%clk 0:56:32]} Bc6 {[%clk 1:07:23]} 16. Bf3
{[%clk 0:38:26]} Bxf3 {[%clk 1:02:41]} 17. gxf3 {[%clk 0:38:43]} O-O
{[%clk 0:59:57]} 18. a3 {[%clk 0:31:24]} b4 {[%clk 0:16:15]} 19. axb4
{[%clk 0:26:43]} Bxb4 {[%clk 0:16:14]} 20. c3 {[%clk 0:26:54]} Bd6
{[%clk 0:14:18]} 21. Bh4 {[%clk 0:24:43]} f5 {[%clk 0:07:03]} 22. f4
{[%clk 0:16:18]} Bxf4+ {[%clk 0:06:51]} 23. Kc2 {[%clk 0:16:47]} Bd6
{[%clk 0:06:14]} 24. f3 {[%clk 0:14:51]} Rfe8 {[%clk 0:04:56]} 25. Bg3
{[%clk 0:10:59]} f4 {[%clk 0:04:02]} 26. Bf2 {[%clk 0:11:11]} Re2+
{[%clk 0:01:13]} 27. Rd2 {[%clk 0:11:35]} Rae8 {[%clk 0:01:09]} 28. Rg1
{[%clk 0:10:29]} Kf7 {[%clk 0:00:39]} 29. Bd4 {[%clk 0:08:42]} g6
{[%clk 0:00:41]} 30. h4 {[%clk 0:07:02]} Re1 {[%clk 0:00:42]} 31. Rgg2
{[%clk 0:06:35]} Rh1 {[%clk 0:00:41]} 32. Bf2 {[%clk 0:06:27]} Rh3
{[%clk 0:00:37]} 33. c4 {[%clk 0:01:45]} Rxf3 {[%clk 0:00:35]} 34. c5
{[%clk 0:02:14]} Bf8 {[%clk 0:00:39]} 35. h5 {[%clk 0:01:29]} Rh3
{[%clk 0:00:39]} 36. hxg6+ {[%clk 0:01:31]} hxg6 {[%clk 0:01:05]} 37. Rd7+
{[%clk 0:01:05]} Re7 {[%clk 0:01:22]} 38. Rd8 {[%clk 0:01:14]} f3
{[%clk 0:01:01]} 39. Rg4 {[%clk 0:01:07]} Re2+ {[%clk 0:00:33]} 40. Rd2
{[%clk 0:01:28]} Re5 {[%clk 0:00:33]} 41. Rd7+ {[%clk 0:01:13]} Re7
{[%clk 0:00:34]} 42. Rd8 {[%clk 0:01:21]} Bh6 {[%clk 0:00:38]} 43. Kd3
{[%clk 0:00:51]} Rh2 1-0

[Event "EYCC 2024 - G18"]
[Site "?"]
[Date "2024.08.23"]
[Round "2.11"]
[White "Nagyova, Daniela"]
[Black "Zelbova, Lada"]
[Result "1/2-1/2"]
[BlackElo "1983"]
[WhiteElo "1835"]
[LiveChessVersion "1.4.8"]

1. e4 {[%clk 1:30:55]} c5 {[%clk 1:30:52]} 2. Nf3 {[%clk 1:31:11]} d6
{[%clk 1:31:13]} 3. d4 {[%clk 1:31:27]} cxd4 {[%clk 1:31:36]} 4. Qxd4
{[%clk 1:31:43]} Nf6 {[%clk 1:20:30]} 5. Nc3 {[%clk 1:28:59]} e5 {[%clk 1:18:09]}
6. Qd3 {[%clk 1:25:21]} a6 {[%clk 1:13:27]} 7. Be2 {[%clk 1:20:31]} Be6
{[%clk 1:12:06]} 8. Ng5 {[%clk 1:12:47]} Nbd7 {[%clk 1:11:31]} 9. Nxe6
{[%clk 1:09:31]} fxe6 {[%clk 1:11:58]} 10. Be3 {[%clk 1:08:00]} Rc8
{[%clk 1:09:23]} 11. Qd2 {[%clk 1:02:37]} Be7 {[%clk 1:08:55]} 12. O-O
{[%clk 1:00:00]} O-O {[%clk 1:07:14]} 13. a4 {[%clk 0:54:03]} Nb6
{[%clk 1:03:59]} 14. a5 {[%clk 0:51:55]} Nc4 {[%clk 0:59:26]} 15. Bxc4
{[%clk 0:51:22]} Rxc4 {[%clk 0:59:52]} 16. f3 {[%clk 0:48:55]} d5
{[%clk 0:54:48]} 17. exd5 {[%clk 0:37:46]} exd5 {[%clk 0:54:53]} 18. Bg5
{[%clk 0:28:06]} d4 {[%clk 0:33:36]} 19. Na4 {[%clk 0:20:44]} Qc7
{[%clk 0:32:00]} 20. c3 {[%clk 0:14:22]} Qxa5 {[%clk 0:28:47]} 21. b3
{[%clk 0:11:29]} dxc3 {[%clk 0:27:14]} 22. Nxc3 {[%clk 0:09:03]} Qb6+
{[%clk 0:24:20]} 23. Kh1 {[%clk 0:09:09]} Rd4 {[%clk 0:18:38]} 24. Qe3
{[%clk 0:06:34]} Qd6 {[%clk 0:18:08]} 25. Rfe1 {[%clk 0:04:16]} Rd3
{[%clk 0:15:02]} 26. Qxe5 {[%clk 0:04:22]} Qxe5 {[%clk 0:14:49]} 27. Rxe5
{[%clk 0:04:44]} Rxc3 {[%clk 0:15:01]} 28. Rxe7 {[%clk 0:04:56]} Rxb3
{[%clk 0:14:51]} 29. Bxf6 {[%clk 0:01:58]} Rxf6 {[%clk 0:14:32]} 30. Rd1
{[%clk 0:01:42]} h6 {[%clk 0:13:15]} 31. h4 {[%clk 0:00:56]} Rb4 {[%clk 0:08:10]}
32. Rd8+ {[%clk 0:01:04]} Kh7 {[%clk 0:07:29]} 33. Rdd7 {[%clk 0:01:22]} Rxh4+
{[%clk 0:07:21]} 34. Kg1 {[%clk 0:01:48]} Rg6 {[%clk 0:07:32]} 35. Rxb7
{[%clk 0:02:10]} Ra4 {[%clk 0:07:35]} 36. Re2 {[%clk 0:00:56]} Ra1+
{[%clk 0:06:40]} 37. Kf2 {[%clk 0:01:24]} a5 {[%clk 0:05:48]} 38. Ra7
{[%clk 0:01:40]} a4 {[%clk 0:03:19]} 39. g4 {[%clk 0:01:42]} Ra3 {[%clk 0:02:47]}
40. Re3 {[%clk 0:01:45]} Rxe3 {[%clk 0:02:50]} 41. Kxe3 {[%clk 0:02:07]} Re6+
{[%clk 0:03:01]} 42. Kf2 {[%clk 0:02:25]} Rc6 {[%clk 0:02:19]} 1/2-1/2

[Event "EYCC 2024 - G18"]
[Site "?"]
[Date "2024.08.23"]
[Round "2.12"]
[White "Buri, Petra Zsuzsanna"]
[Black "Mplitsa, Artemis"]
[Result "1-0"]
[BlackElo "1641"]
[WhiteElo "1946"]
[LiveChessVersion "1.4.8"]

1. e4 {[%clk 1:30:55]} e5 {[%clk 1:30:56]} 2. Nf3 {[%clk 1:31:09]} Nc6
{[%clk 1:31:19]} 3. Bc4 {[%clk 1:31:30]} Bc5 {[%clk 1:31:41]} 4. d3
{[%clk 1:31:33]} Nf6 {[%clk 1:31:59]} 5. c3 {[%clk 1:31:34]} d6 {[%clk 1:32:18]}
6. O-O {[%clk 1:30:23]} a5 {[%clk 1:32:08]} 7. a4 {[%clk 1:29:59]} O-O
{[%clk 1:31:33]} 8. Bb3 {[%clk 1:28:02]} Ba7 {[%clk 1:27:05]} 9. Nbd2
{[%clk 1:25:50]} Ne7 {[%clk 1:25:58]} 10. Nc4 {[%clk 1:17:48]} c6
{[%clk 1:23:32]} 11. Bg5 {[%clk 1:10:33]} Ng6 {[%clk 1:21:05]} 12. Nh4
{[%clk 1:08:06]} Bg4 {[%clk 1:08:56]} 13. Qxg4 {[%clk 0:50:27]} Nxg4
{[%clk 1:06:12]} 14. Bxd8 {[%clk 0:50:19]} Rfxd8 {[%clk 1:04:59]} 15. Nxg6
{[%clk 0:49:31]} hxg6 {[%clk 1:05:08]} 16. h3 {[%clk 0:48:46]} Nf6
{[%clk 1:03:30]} 17. Nxa5 {[%clk 0:39:02]} Bxf2+ {[%clk 1:00:13]} 18. Rxf2
{[%clk 0:38:16]} Rxa5 {[%clk 1:00:34]} 19. Bc2 {[%clk 0:37:28]} d5
{[%clk 0:49:04]} 20. b4 {[%clk 0:36:18]} Raa8 {[%clk 0:48:04]} 21. Re2
{[%clk 0:29:43]} Rd7 {[%clk 0:38:54]} 22. exd5 {[%clk 0:14:15]} Nxd5
{[%clk 0:34:22]} 23. Ra3 {[%clk 0:14:15]} Re7 {[%clk 0:17:17]} 24. g3
{[%clk 0:11:27]} Nf6 {[%clk 0:13:06]} 25. Re1 {[%clk 0:06:28]} Kf8
{[%clk 0:10:00]} 26. a5 {[%clk 0:06:27]} Nd5 {[%clk 0:08:24]} 27. Bd1
{[%clk 0:05:32]} Rd8 {[%clk 0:06:43]} 28. Bf3 {[%clk 0:05:12]} Re6
{[%clk 0:02:42]} 29. Rb3 {[%clk 0:04:26]} Nc7 {[%clk 0:01:50]} 30. c4
{[%clk 0:04:22]} Red6 {[%clk 0:01:22]} 31. Rd1 {[%clk 0:02:31]} Ne6
{[%clk 0:01:22]} 32. Rbb1 {[%clk 0:01:34]} Rxd3 {[%clk 0:00:57]} 33. Rxd3
{[%clk 0:01:01]} Rxd3 {[%clk 0:01:23]} 34. Kg2 {[%clk 0:01:02]} Rd2+
{[%clk 0:00:53]} 35. Kf1 {[%clk 0:00:47]} Nd4 {[%clk 0:00:57]} 36. Bg2
{[%clk 0:00:43]} Rc2 {[%clk 0:00:55]} 37. b5 {[%clk 0:00:43]} Rxc4
{[%clk 0:00:56]} 38. a6 {[%clk 0:00:44]} bxa6 {[%clk 0:00:36]} 39. b6
{[%clk 0:00:51]} Nb5 {[%clk 0:00:32]} 40. b7 {[%clk 0:01:10]} 1-0